Art Ross Winners - Statistics

General Stats
  • This quiz has been taken 53 times
    13 since last reset
  • The average score is 61 of 78
Answer Stats
Year Points Answer % Correct
2025-26 138 Connor McDavid
100%
2022-23 153 Connor McDavid
100%
2021-22 123 Connor McDavid
100%
2020-21 105 Connor McDavid
100%
2017-18 108 Connor McDavid
100%
2016-17 100 Connor McDavid
100%
1993-94 130 Wayne Gretzky
100%
1990-91 163 Wayne Gretzky
100%
1989-90 142 Wayne Gretzky
100%
1986-87 183 Wayne Gretzky
100%
1985-86 215 Wayne Gretzky
100%
1984-85 208 Wayne Gretzky
100%
1983-84 205 Wayne Gretzky
100%
1982-83 196 Wayne Gretzky
100%
1981-82 212 Wayne Gretzky
100%
1980-81 164 Wayne Gretzky
100%
2007-08 112 Alexander Ovechkin
88%
1974-75 135 Bobby Orr
88%
1969-70 120 Bobby Orr
88%
1962-63 86 Gordie Howe
88%
1956-57 89 Gordie Howe
88%
1953-54 81 Gordie Howe
88%
1952-53 95 Gordie Howe
88%
1951-52 86 Gordie Howe
88%
1950-51 86 Gordie Howe
88%
2000-01 121 Jaromír Jágr
88%
1999-00 96 Jaromír Jágr
88%
1998-99 127 Jaromír Jágr
88%
1997-98 102 Jaromír Jágr
88%
1994-95 70 Jaromír Jágr
88%
2019-20 110 Leon Draisaitl
88%
1996-97 122 Mario Lemieux
88%
1995-96 161 Mario Lemieux
88%
1992-93 160 Mario Lemieux
88%
1991-92 131 Mario Lemieux
88%
1988-89 199 Mario Lemieux
88%
1987-88 168 Mario Lemieux
88%
2024-25 121 Nikita Kucherov
88%
2023-24 144 Nikita Kucherov
88%
2018-19 128 Nikita Kucherov
88%
2013-14 104 Sidney Crosby
88%
2006-07 120 Sidney Crosby
88%
1965-66 97 Bobby Hull
75%
1961-62 84 Bobby Hull
75%
1959-60 81 Bobby Hull
75%
1977-78 132 Guy Lafleur
75%
1976-77 136 Guy Lafleur
75%
1975-76 125 Guy Lafleur
75%
1955-56 88 Jean Béliveau
75%
2005-06 125 Joe Thornton
75%
2015-16 106 Patrick Kane
75%
1973-74 145 Phil Esposito
75%
1972-73 130 Phil Esposito
75%
1971-72 133 Phil Esposito
75%
1970-71 152 Phil Esposito
75%
1968-69 126 Phil Esposito
75%
2010-11 104 Daniel Sedin
63%
2011-12 109 Evgeni Malkin
63%
2008-09 113 Evgeni Malkin
63%
2009-10 112 Henrik Sedin
63%
2014-15 87 Jamie Benn
63%
2012-13 60 Martin St. Louis
63%
2003-04 94 Martin St. Louis
63%
2002-03 106 Peter Forsberg
63%
1967-68 87 Stan Mikita
63%
1966-67 97 Stan Mikita
63%
1964-65 87 Stan Mikita
63%
1963-64 89 Stan Mikita
63%
1960-61 95 Bernie Geoffrion
50%
1954-55 75 Bernie Geoffrion
50%
1978-79 134 Bryan Trottier
50%
1947-48 61 Elmer Lach
50%
1979-80 137 Marcel Dionne
50%
1958-59 96 Dickie Moore
38%
1957-58 84 Dickie Moore
38%
2001-02 96 Jarome Iginla
38%
1949-50 78 Ted Lindsay
38%
1948-49 68 Roy Conacher
13%
No matching quizzes found
Score Distribution
Percent of People with Each Score
Percentile by Number Answered
Your Score History
You have not taken this quiz since the last reset